Statistics for Most Populated Countries by Ending Letter A-Z

Click here to take the quiz!

General Stats

  • This quiz has been taken 511 times
    (464 since last reset)
  • The average score is 10 of 18

Answer Stats

Country% Correct
ChinaA
99%
BrazilL
83%
GermanyY
75%
United StatesS
75%
MexicoO
73%
IraqQ
72%
PakistanN
71%
BangladeshH
66%
EgyptT
59%
FranceE
59%
VietnamM
55%
ThailandD
51%
PeruU
47%
DenmarkK
42%
LuxembourgG
32%
MaliI
30%
Czech RepublicC
28%
MadagascarR
20%

Score Distribution

Percentile by Number Answered

Percent of People with Each Score

Your Score History

You have not taken this quiz since the last reset